000
00311nam a2200109Ia 4500
008
171211s9999 xx 000 0 und d
245
_a
Origins: The Search for Our Prehistoric Past
245
_c
Frank H. T. Rhodes
260
_c
2016
650
_x
Biology
856
_u
http://down.ebook777.com/062/1501702440.pdf
999
_c
350405
_d
350405